| 000 | 00383 a2200157 4500 | ||
|---|---|---|---|
| 001 | 194461 | ||
| 020 | _a85-7307-356-x | ||
| 040 | _cMagnum | ||
| 100 | _aEcheverría, María del Puy Pérez | ||
| 240 | 1 | 0 |
_aA solução de problemas _lpor |
| 245 | 1 | 0 | _aA solução de problemas |
| 300 | _a177 | ||
| 362 | 0 | _a1998 | |
| 697 | _aEDUCAÇÃO EM GERAL E DISCIPLINAS AFINS | ||
| 942 | _cBK | ||
| 999 |
_c194461 _d194461 |
||